<?xml version="1.0" encoding="UTF-8"?>
<record
    xmlns:xsi="http://www.w3.org/2001/XMLSchema-instance"
    xsi:schemaLocation="http://www.loc.gov/MARC21/slim http://www.loc.gov/standards/marcxml/schema/MARC21slim.xsd"
    xmlns="http://www.loc.gov/MARC21/slim">

  <leader>01849nam a2200325 i 4500</leader>
  <controlfield tag="001">26549</controlfield>
  <controlfield tag="003">ES-MaACL</controlfield>
  <controlfield tag="005">20250816085941.0</controlfield>
  <controlfield tag="007">t|</controlfield>
  <controlfield tag="008">030109s1806    sp afi       |||| | spa d</controlfield>
  <datafield tag="080" ind1=" " ind2=" ">
    <subfield code="a">72.01</subfield>
  </datafield>
  <datafield tag="080" ind1=" " ind2=" ">
    <subfield code="a">730.02</subfield>
  </datafield>
  <datafield tag="100" ind1="1" ind2=" ">
    <subfield code="a">Arfe y Villafa&#xF1;e, Juan de.</subfield>
    <subfield code="9">22671</subfield>
  </datafield>
  <datafield tag="245" ind1="1" ind2="0">
    <subfield code="a">Varia comensuraci&#xF3;n / </subfield>
    <subfield code="c">de Juan de Arfe y Villafa&#xF1;e.</subfield>
  </datafield>
  <datafield tag="250" ind1=" " ind2=" ">
    <subfield code="a">Nueva edici&#xF3;n corregida, aumentada y mejorada con estampas finas</subfield>
    <subfield code="b">por ... Josef Assensio y Torres y compa&#xF1;&#xED;a.</subfield>
  </datafield>
  <datafield tag="260" ind1=" " ind2=" ">
    <subfield code="a">Madrid : </subfield>
    <subfield code="b">en la Imprenta Real, </subfield>
    <subfield code="c">1806.</subfield>
  </datafield>
  <datafield tag="300" ind1=" " ind2=" ">
    <subfield code="a">2 v. (97 l&#xE1;m. de grab.) : </subfield>
    <subfield code="b">il. ; </subfield>
    <subfield code="c">32 cm.</subfield>
  </datafield>
  <datafield tag="505" ind1="8" ind2=" ">
    <subfield code="a">Contiene:  I ; </subfield>
    <subfield code="t">Tratado de Geometr&#xED;a. Tratado de Gnom&#xF3;nica o Arte de construir toda especie de reloxes de sol. Tratado de Arquitectura. Tratado de medidas del cuerpo humano, su osteolog&#xED;a, miolog&#xED;a y modo de representar las figuras en escorzo - II ; </subfield>
    <subfield code="t">Tratado de las dimensiones, coloridos y algunas propiedades de los animales quadr&#xFA;pedos m&#xE1;s principales y raros, as&#xED; terrestres como anfibios. Tratado de las dimensiones, coloridos y propiedades de las aves m&#xE1;s principales y conocidas. Tratado de las piezas de plata y oro destinadas en las iglesias para el servicio del Culto Divino. Ap&#xE9;ndice a las obras de Juan de Arfe en el qual (sic) se trata de la ciencia her&#xE1;ldica...</subfield>
  </datafield>
  <datafield tag="530" ind1=" " ind2=" ">
    <subfield code="a">Disponible en formato digital.</subfield>
  </datafield>
  <datafield tag="650" ind1="0" ind2="4">
    <subfield code="a">Arquitectura-</subfield>
    <subfield code="x">Composici&#xF3;n.</subfield>
    <subfield code="9">143356</subfield>
  </datafield>
  <datafield tag="650" ind1="0" ind2="7">
    <subfield code="a">Escultura</subfield>
    <subfield code="2">embne</subfield>
    <subfield code="9">12417</subfield>
  </datafield>
  <datafield tag="650" ind1=" " ind2="4">
    <subfield code="a">Anatom&#xED;a art&#xED;stica.</subfield>
    <subfield code="9">145729</subfield>
  </datafield>
  <datafield tag="700" ind1="1" ind2=" ">
    <subfield code="a">Asensio, Josef.</subfield>
    <subfield code="9">146728</subfield>
  </datafield>
  <datafield tag="710" ind1="2" ind2=" ">
    <subfield code="a">Imprenta Real (Madrid)</subfield>
    <subfield code="9">134468</subfield>
  </datafield>
  <datafield tag="752" ind1=" " ind2=" ">
    <subfield code="a">Espa&#xF1;a - </subfield>
    <subfield code="d">Madrid</subfield>
  </datafield>
  <datafield tag="852" ind1=" " ind2=" ">
    <subfield code="a">ES-MaACL   </subfield>
    <subfield code="9">27548</subfield>
    <subfield code="j">R-2703-04      </subfield>
    <subfield code="x">Olim: D-20-21</subfield>
    <subfield code="c">DEPO</subfield>
  </datafield>
  <datafield tag="856" ind1=" " ind2=" ">
    <subfield code="u">http://bdh-rd.bne.es/viewer.vm?id=0000080039&amp;page=1 </subfield>
    <subfield code="z">Biblioteca Digital Hisp&#xE1;nica</subfield>
  </datafield>
  <datafield tag="942" ind1=" " ind2=" ">
    <subfield code="2">udc</subfield>
  </datafield>
  <datafield tag="999" ind1=" " ind2=" ">
    <subfield code="c">26549</subfield>
    <subfield code="d">26549</subfield>
  </datafield>
  <datafield tag="952" ind1=" " ind2=" ">
    <subfield code="0">0</subfield>
    <subfield code="1">0</subfield>
    <subfield code="2">udc</subfield>
    <subfield code="4">0</subfield>
    <subfield code="7">0</subfield>
    <subfield code="8">Colecci&#xF3;n_digital</subfield>
    <subfield code="a">ATENEOM</subfield>
    <subfield code="b">ATENEOM</subfield>
    <subfield code="c">DEPO</subfield>
    <subfield code="d">2008-01-17</subfield>
    <subfield code="l">0</subfield>
    <subfield code="o">R-2703-04</subfield>
    <subfield code="p">1027400</subfield>
    <subfield code="r">2023-02-23 00:00:00</subfield>
    <subfield code="w">2023-02-23</subfield>
    <subfield code="y">MONANT</subfield>
  </datafield>
</record>
